000
00159 a2200085 4500
041
_a
spa
100
_a
Ernestine Cobern Beyer
245
_a
The and Now
942
_c
BK
999
_c
6952
_d
6952